00560nam a22001812 4500001001100000005001700011008004100028020001700069040001500086100003600101245007400137250001300211260003900224300002900263650005000292700003300342852000300375000001953920151217152157.0110106s xx 000 0 eng d a0618641635 : aKABUcKABU1 aHill, Charles W. L.@000015060210aCases in strategic management /cCharles W. L. Hill, Gareth R. Jones. a7th ed. aBoston :bHoughton Mifflin,c2007. a1 v. (various pagings) ; 0aStrategic planningxCase studies.@00001505861 aJones, Gareth R.@00001696281